01759nam a2200337 i 4500001001000000003000900010005001700019007000300036008004100039040003000080082001900110100004300129245011300172264008000285300005500365336002700420337003300447338002800480590002600508650006200534650007100596651006300667700002900730700007600759910003700835942001400872952013100886952013701017952025001154999001701404000026162DO-SdBNP20241030143459.0ta110303s1978 dr 000 0 spa d aDO-SdBNPbspacBNPHUerda 4a724bG191p2221 aGamble, Robert S.,953149eautor4aut.10aPuerto Plata :bla conservación de una ciudad. Inventario /cRobert S. Gamble, José Augusto Puig Ortíz 4aSanto Domingo :bEditora Banco Central de la República Dominicana,c1978. a586 páginas :bilustraciones, retratos ;c28 cm. atextobtxt2rdacontent asin mediaciónbn2rdamedia avolumenbnc2rdacarrier aInventariado, 2018/LP 4aArquitecturazRepública Dominicana, Puerto Plata953150 4aMonumentos historicoszRepública Dominicana, Puerto Plata953151 4aPuerto Plata, República DominicanaxHistoria Local9194312aCamble, Robert S.95315212aPuig Ortíz, José Augusto,tEnsayo Historico-Arquitectónico953153 aValidado. Control de calidad MFF 2ddccLBS1 00102ddc51708PDaBNPHUbBNPHUcCTd2011-03-03l0oBNPHU PD 724 G191pp26162-10r2020-06-25w2020-06-25yLBS1ZNo se presta 00102ddc51708PDaBNPHUbBNPHUcCTd2015-08-13l0oBNPHU PD 724 G191pp26162-20r2020-06-25te. 2w2020-06-25yLBS1ZNo se presta 00102ddc56708DSaBNPHUbBNPHUcCTd2024-10-30eDonado por la Presidencia de la República Dominicana 2023.l0oBNPHU DS 724 G191pp2024-6287r2024-10-30te.3w2024-10-30yLBS1zPerteneció a la biblioteca personal de Emilio Cordero Michel. c25654d25654